| 000 | 00422cam a2200181u 4500 | ||
|---|---|---|---|
| 001 | 10133155 | ||
| 005 | 20180208034021.0 | ||
| 008 | 821214s1923 xx a 000 0 eng | ||
| 010 | _a 23015722 | ||
| 040 |
_aDLC _cCarP _dDLC |
||
| 041 | _aeng | ||
| 080 | _a61 PHI | ||
| 100 | 1 | _a3 | |
| 101 | _aSHM | ||
| 245 | 0 | 0 | _aEssentials of medicine; |
| 906 |
_a0 _bcbc _cpremunv _du _encip _f19 _gy-gencatlg |
||
| 942 |
_2ddc _cBK |
||
| 999 |
_c42075 _d42075 |
||